000 00282nam a22001337a 4500
003 SGT
020 _a9780670088249
082 _a320
_bE18P
100 _aPRAKASH, GYAN
245 _aEMERGENCY CHRONICLES
260 _bPENGUIN RANDOME HOUSE
_c2018
300 _a439
942 _2ddc
_cBK
999 _c28764
_d28764